Normal view
MARC view
Entry Personal Name
001 - CONTROL NUMBER
- control field: 81223
003 - CONTROL NUMBER IDENTIFIER
- control field: dpl
005 - DATE AND TIME OF LATEST TRANSACTION
- control field: 20250516125056.0
008 - FIXED-LENGTH DATA ELEMENTS
- fixed length control field: 250516|| aca||aabn | a|a d
040 ## - CATALOGING SOURCE
- Original cataloging agency: dpl
- Transcribing agency: dpl
100 ## - HEADING--PERSONAL NAME
- Personal name: मंडल, संजीव
670 ## - SOURCE DATA FOUND
- Source citation: Work cat.: (dpl)210185: मंडल, संजीव , हिंदी कथा-साहित्य में पूर्वोत्तर भारत/, 2023
